| 000 | 00496nam a2200157 i 4500 | ||
|---|---|---|---|
| 001 | 36693 | ||
| 003 | ES-MaACL | ||
| 005 | 20230906155423.0 | ||
| 007 | t| | ||
| 008 | 030219s1964 sp ||||1| spa d | ||
| 100 | 1 |
_aBravo Carrillo de Albornoz, Antonio. _931473 |
|
| 245 | 1 | 0 |
_aIdeas polĂticas-literarias de un novel autor _b: luna y malvas / _cAntonio Bravo Carrillo de Albornoz. |
| 260 |
_aSevilla : _bA. Herrera, _c[1964] |
||
| 300 |
_a69 p. ; _c18 cm. |
||
| 852 |
_aES-MaACL _jC-27036 _bR.55161 |
||
| 999 |
_c36693 _d36693 |
||